<?xml version="1.0" encoding="UTF-8"?>
<record
    xmlns:xsi="http://www.w3.org/2001/XMLSchema-instance"
    xsi:schemaLocation="http://www.loc.gov/MARC21/slim http://www.loc.gov/standards/marcxml/schema/MARC21slim.xsd"
    xmlns="http://www.loc.gov/MARC21/slim">

  <leader>01115    a2200217   4500</leader>
  <controlfield tag="003">Nust</controlfield>
  <controlfield tag="005">20221123113141.0</controlfield>
  <datafield tag="010" ind1=" " ind2=" ">
    <subfield code="a">   92234408</subfield>
  </datafield>
  <datafield tag="020" ind1=" " ind2=" ">
    <subfield code="a">00711472276</subfield>
  </datafield>
  <datafield tag="040" ind1=" " ind2=" ">
    <subfield code="c">Nust</subfield>
  </datafield>
  <datafield tag="082" ind1="0" ind2="0">
    <subfield code="a">621.381045,SIN</subfield>
  </datafield>
  <datafield tag="100" ind1="1" ind2=" ">
    <subfield code="a">Singh, Jasprit</subfield>
    <subfield code="9">73418</subfield>
  </datafield>
  <datafield tag="245" ind1="1" ind2="0">
    <subfield code="a">Optoelectronics :</subfield>
    <subfield code="b">an introduction  to materials and devices /</subfield>
    <subfield code="c">Jasprit Singh</subfield>
  </datafield>
  <datafield tag="260" ind1=" " ind2=" ">
    <subfield code="a"> New York</subfield>
    <subfield code="a"> McGraw Hill</subfield>
    <subfield code="c">1996</subfield>
  </datafield>
  <datafield tag="300" ind1=" " ind2=" ">
    <subfield code="a">, 537 p. :</subfield>
    <subfield code="b">ill. ;</subfield>
    <subfield code="c">24 cm.</subfield>
  </datafield>
  <datafield tag="505" ind1=" " ind2=" ">
    <subfield code="a">Materials for Optoelectronics Structural Properties (Page-1), Light Propagations Media (Page-41), Light Propagation in Waveguides(Page-78), Electronic Properties of Semiconductors (Page-131), Transport and Optical Properties of Semiconductors (Page-177), Light Detection and Imaging (Page-236), The Light Emitting Diode (Page-394), The Laser Diode (Page-338),  Modulation and Display Deices (Page-388), Optical Communication Systems Device Needs (Page-438), Fabrication and Processing of Devices (Page-468).  </subfield>
  </datafield>
  <datafield tag="650" ind1=" " ind2="0">
    <subfield code="a">Electrooptical devices.</subfield>
    <subfield code="9">41523</subfield>
  </datafield>
  <datafield tag="650" ind1=" " ind2="0">
    <subfield code="a">Optoelectronics.</subfield>
    <subfield code="9">55912</subfield>
  </datafield>
  <datafield tag="650" ind1=" " ind2="0">
    <subfield code="a">Telecommunication Engineering</subfield>
  </datafield>
  <datafield tag="942" ind1=" " ind2=" ">
    <subfield code="2">ddc</subfield>
    <subfield code="c">BK</subfield>
  </datafield>
  <datafield tag="999" ind1=" " ind2=" ">
    <subfield code="c">188274</subfield>
    <subfield code="d">188274</subfield>
  </datafield>
  <datafield tag="952" ind1=" " ind2=" ">
    <subfield code="0">0</subfield>
    <subfield code="1">0</subfield>
    <subfield code="2">ddc</subfield>
    <subfield code="4">0</subfield>
    <subfield code="7">0</subfield>
    <subfield code="a">MCS</subfield>
    <subfield code="b">MCS</subfield>
    <subfield code="c">GEN</subfield>
    <subfield code="d">2016-12-12</subfield>
    <subfield code="o">621.381045,SIN</subfield>
    <subfield code="p">MCS23042</subfield>
    <subfield code="r">2016-12-08</subfield>
    <subfield code="w">2016-12-12</subfield>
    <subfield code="y">BK</subfield>
    <subfield code="z">Almirah No.32, Shelf  No.1</subfield>
  </datafield>
</record>
